Movies Quiz

Random Movies Quiz

Twilight Quiz Stats

 Plays Quiz not verified by Sporcle

Score 0/31 Timer 04:00
0 Plays Today
vampire, werewolf ??? name % Correct
humanbella
99.2%
Vampireedward
98.7%
Vampirealice
96.3%
Vampirejasper
95.4%
Werewolfjacob
95%
Vampireesme
94%
Vampirerosalie
93.7%
Vampireemmett
91.9%
Vampirecarlisle
91.1%
Humancharlie
88.7%
Werewolfsam
85.8%
Half Human, Half Vampirerenesmee
82.5%
Vampirevictoria
76.1%
Humanjessica
74.9%
Vampirejames
74.2%
humanmike
71.4%
vampire, werewolf ??? name % Correct
Vampirearo
68.3%
Vampirelaurent
68%
Humanrenee
65.3%
Werewolfquil
64.5%
Humanangela
63.1%
Humanbilly
59.8%
Vampirejane
57.4%
Werewolfembry
57.2%
Humaneric
55.6%
Vampirecaius
55.6%
Vampiremarcus
53.7%
Werewolfjared
45.5%
Humanphil
43.7%
Humanemily
29.2%
Humanharry clearwater
8%

You're not logged in!

Compare scores with friends on all Sporcle quizzes.
OR
Log In

Show Comments

Extras

Top Quizzes Today


Score Distribution

Your Account Isn't Verified!

In order to create a playlist on Sporcle, you need to verify the email address you used during registration. Go to your Sporcle Settings to finish the process.

Report this User

Report this user for behavior that violates our Community Guidelines.

Details: